Производственный менеджмент: учебное пособие
| Müşterek Yazar: | |
|---|---|
| Diğer Yazarlar: | |
| Özet: | Заглавие с титульного экрана В пособии изложены теоретические и практические основы производственного менеджмента. Описаны процессы формирования системы производственных планов на предприятии, включая аспекты разработки производственной стратегии предприятия и ее реализации. Рассмотрены основные особенности управления проектами развития производства, современные подходы к организации производственных процессов. Раскрыты сущность и содержание контроля производства на предприятии, а также основные инструменты эффективной реализации данного процесса. Предназначено для студентов, обучающихся по направлению 380302 "Менеджмент". Режим доступа: из корпоративной сети ТПУ |
| Dil: | Rusça |
| Baskı/Yayın Bilgisi: |
Томск, Изд-во ТПУ, 2019
|
| Edisyon: | 2-е изд. |
| Konular: | |
| Online Erişim: | https://www.lib.tpu.ru/fulltext2/m/2019/m043.pdf |
| Materyal Türü: | MixedMaterials Elektronik Kitap |
| KOHA link: | https://koha.lib.tpu.ru/cgi-bin/koha/opac-detail.pl?biblionumber=343128 |
MARC
| LEADER | 00000nlm0a2200000 4500 | ||
|---|---|---|---|
| 001 | 343128 | ||
| 005 | 20231102005527.0 | ||
| 035 | |a (RuTPU)RU\TPU\book\372892 | ||
| 035 | |a RU\TPU\book\348012 | ||
| 090 | |a 343128 | ||
| 100 | |a 20190624d2019 m y0rusy50 ca | ||
| 101 | 0 | |a rus | |
| 102 | |a RU | ||
| 105 | |a a j 001zy | ||
| 135 | |a drcn ---uucaa | ||
| 181 | 0 | |a i | |
| 182 | 0 | |a b | |
| 200 | 1 | |a Производственный менеджмент |b Электронный ресурс |e учебное пособие |f Национальный исследовательский Томский политехнический университет, Школа инженерного предпринимательства ; сост. И. Г. Видяев | |
| 203 | |a Текст |c электронный | ||
| 205 | |a 2-е изд. | ||
| 210 | |a Томск |c Изд-во ТПУ |d 2019 | ||
| 230 | |a 1 компьютерный файл (pdf; 3.8 MB) | ||
| 300 | |a Заглавие с титульного экрана | ||
| 330 | |a В пособии изложены теоретические и практические основы производственного менеджмента. Описаны процессы формирования системы производственных планов на предприятии, включая аспекты разработки производственной стратегии предприятия и ее реализации. Рассмотрены основные особенности управления проектами развития производства, современные подходы к организации производственных процессов. Раскрыты сущность и содержание контроля производства на предприятии, а также основные инструменты эффективной реализации данного процесса. Предназначено для студентов, обучающихся по направлению 380302 "Менеджмент". | ||
| 333 | |a Режим доступа: из корпоративной сети ТПУ | ||
| 606 | 1 | |a Предприятия |x Экономика |x Управление |2 stltpush |3 (RuTPU)RU\TPU\subj\36690 |9 57983 | |
| 610 | 1 | |a электронный ресурс | |
| 610 | 1 | |a учебные пособия | |
| 610 | 1 | |a труды учёных ТПУ | |
| 610 | 1 | |a производственный менеджмент | |
| 610 | 1 | |a стратегия | |
| 610 | 1 | |a конкурентоспособность | |
| 610 | 1 | |a планирование | |
| 610 | 1 | |a производственные процессы | |
| 610 | 1 | |a контроль качества | |
| 686 | |a У9(2)29-2я73 |v LBC/SL-A |2 rubbk | ||
| 702 | 1 | |a Видяев |b И. Г. |c специалист в области менеджмента |c доцент Томского политехнического университета, кандидат экономических наук |f 1981- |g Игорь Геннадьевич |2 stltpush |3 (RuTPU)RU\TPU\pers\25421 |4 220 | |
| 712 | 0 | 2 | |a Национальный исследовательский Томский политехнический университет |b Школа инженерного предпринимательства |c (2017- ) |h 7949 |2 stltpush |3 (RuTPU)RU\TPU\col\23544 |
| 801 | 1 | |a RU |b 63413507 |c 20160928 | |
| 801 | 2 | |a RU |b 63413507 |c 20190624 |g RCR | |
| 856 | 4 | |u https://www.lib.tpu.ru/fulltext2/m/2019/m043.pdf | |
| 942 | |c CF | ||